| 000 | 00701nam a2200229 a 4500 | ||
|---|---|---|---|
| 005 | 20230602063657.0 | ||
| 008 | 991125s1985 mx 000 0 spa u | ||
| 020 | _a9684111290 | ||
| 035 | _aUPN01000019789 | ||
| 049 | _aCG | ||
| 050 | 4 |
_aPQ7297 R36 _bE57 |
|
| 100 | 1 |
_aRevueltas, José, _d1914-1976 |
|
| 245 | 1 | 0 |
_aEnsayos sobre México / _cJosé Revueltas ; pról. recop. y notas de Andrea Revueltas, Philippe Checon |
| 260 |
_aMéxico : _bEra, _c1985 |
||
| 300 | _a231 p | ||
| 440 | 0 |
_aRevueltas, José. Obras completas; _v19 |
|
| 650 | 4 |
_aNovela mexicana _94557 |
|
| 700 | 1 |
_aRevueltas, Andrea, _ecomp. _937740 |
|
| 700 | 2 |
_aChecon, Philippe, _ecomp. |
|
| 904 |
_aAC _b019790 |
||
| 905 | _aLibro | ||
| 999 |
_c19789 _d19789 |
||